มุมมองปกติ
มุมมองแบบ MARC
- Chulalongkorn University.
รายการ Corporate Name
001 - CONTROL NUMBER
- control field: 57071
003 - CONTROL NUMBER IDENTIFIER
- control field: NALT
005 - DATE AND TIME OF LATEST TRANSACTION
- control field: 20220221104714.0
008 - FIXED-LENGTH DATA ELEMENTS
- fixed length control field: 220221|| aca||aabn | a|a d
040 ## - CATALOGING SOURCE
- Original cataloging agency: NALT
110 2# - HEADING--CORPORATE NAME
- Corporate name or jurisdiction name as entry element: Chulalongkorn University.
- Subordinate unit: Institute of Asian Studies
